El lenguaje del cine (Record no. 118055)
[ view plain ]
| 000 -LEADER | |
|---|---|
| campo de control de longitud fija | 00566nam a2200181 i 4500 |
| 001 - NÚMERO DE CONTROL | |
| campo de control | 118055 |
| 003 - IDENTIFICADOR DE NÚMERO DE CONTROL | |
| campo de control | ES-MaACL |
| 005 - FECHA Y HORA DE LA ÚLTIMA TRANSACCIÓN | |
| campo de control | 20250814092004.0 |
| 007 - CAMPO FIJO DE DESCRIPCIÓN FÍSICA--INFORMACIÓN GENERAL | |
| campo de control de longitud fija | t| |
| 008 - DATOS DE LONGITUD FIJA--INFORMACIÓN GENERAL | |
| campo de control de longitud fija | 070214s1956 sp r ||||1| spa d |
| 100 1# - ENTRADA PRINCIPAL--NOMBRE DE PERSONA | |
| Nombre de persona | Pereyra, Miguel. |
| 9 (RLIN) | 90543 |
| 245 13 - MENCIÓN DEL TÍTULO | |
| Título | El lenguaje del cine |
| Resto del título | : su técnica, su estilo, su arte / |
| Mención de responsabilidad, etc. | Miguel Pereyra. |
| 260 ## - PUBLICACIÓN, DISTRIBUCIÓN, ETC. | |
| Lugar de publicación, distribución, etc. | Madrid : |
| Nombre del editor, distribuidor, etc. | Aguilar ; |
| Lugar de publicación, distribución, etc. | Zarauz : |
| Nombre del editor, distribuidor, etc. | Icharopena, |
| Fecha de publicación, distribución, etc. | 1956. |
| 300 ## - DESCRIPCIÓN FÍSICA | |
| Extensión | XII, 227 p. : |
| Otras características físicas | il. ; |
| Dimensiones | 21 cm. |
| 650 #7 - PUNTO DE ACCESO ADICIONAL DE MATERIA--TÉRMINO DE MATERIA | |
| Término de materia o nombre geográfico como elemento de entrada | Lenguaje cinematográfico |
| Fuente del encabezamiento o término | embne |
| 9 (RLIN) | 171063 |
| 852 ## - LOCALIZACIÓN | |
| Ubicación | ES-MaACL |
| Número de control de estantería | C-11507 |
| Estatus retirado | Estado de pérdida | Estado de daño | No para préstamo | Biblioteca de origen | Biblioteca actual | Ubicación en estantería | Fecha de adquisición | Fuente de adquisición | Total de préstamos | Signatura topográfica completa | Código de barras | Visto por última vez | Precio de reemplazo | Tipo de ítem Koha |
|---|---|---|---|---|---|---|---|---|---|---|---|---|---|---|
| Biblioteca del Ateneo de Madrid | Biblioteca del Ateneo de Madrid | Sala Palomar | 17/01/2008 | C-11507 | 1123075 | 23/02/2023 | 23/02/2023 | Libro impreso |
